| 000 | 00402nam a22001457a 4500 | ||
|---|---|---|---|
| 005 | 20251108164014.0 | ||
| 008 | 250721s1992 xx 000 0 ara d | ||
| 082 | 1 | 4 | _a530/منص |
| 100 | 1 | _aمنصور، عاطف | |
| 245 | 1 | 0 | _aمكتبة الأسرة في الفيزياء / |
| 264 | 1 |
_aالقاهرة : _bابن سينا، _c1992. |
|
| 650 | 1 | 7 | _aالفيزياء |
| 942 |
_2ddc _cBK |
||
| 999 |
_c1233 _d1233 |
||